|
|
|
|
| LEADER |
01504nam a2200349 u 4500 |
| 001 |
10077232 |
| 003 |
upatras |
| 005 |
20240704110508.0 |
| 008 |
090729s1989 gr f grc |
| 020 |
|
|
|a 9602060948
|
| 040 |
|
|
|a GR-PaULI
|c GR-PaULI
|
| 041 |
0 |
|
|a grc
|a lat
|
| 082 |
1 |
4 |
|a 880.8
|2 EEB
|
| 100 |
0 |
|
|9 77680
|a Πίνδαρος,
|d π. 518-π. 438
|
| 245 |
1 |
0 |
|a Carmina cum fragmentis
|c Pindari; post Brunonem Snell
|c ; edidit Heruicus Maehler
|
| 246 |
1 |
3 |
|a Pindari Carmina
|
| 260 |
|
|
|a Αθήνα
|b Παπαδήμας
|c 1989
|
| 300 |
|
|
|a xi, 193 σ.
|c 22 εκ.
|
| 490 |
0 |
|
|a Bibliotheca scriptorum graecorum et romanorum Teubneriana
|
| 500 |
|
|
|a Κείμενο στα Αρχαία Ελληνικά, πρόλογος στα Λατινικά
|
| 505 |
0 |
|
|a Pt. I. Epinicia
|
| 650 |
|
4 |
|a Ελληνική φιλολογία, Αρχαία
|9 28505
|
| 650 |
|
4 |
|9 12329
|a Λυρική ποίηση, Ελληνική
|
| 600 |
0 |
4 |
|9 77498
|a Πίνδαρος,
|d π. 518-π. 438
|x Ερμηνεία και κριτική.
|
| 700 |
1 |
|
|a Snell, Bruno,
|d 1896-1986.
|9 116264
|
| 700 |
1 |
|
|a Maehler, Herwig
|9 77506
|
| 760 |
0 |
|
|a Bibliotheca scriptorum graecorum et romanorum Teubneriana
|
| 852 |
|
|
|a GR-PaULI
|b ΠΑΤΡΑ
|b ΦΙΛΟΛΟΓΙΑ
|k ΔΑΝΕΙΖ-6
|h 880.8 BSG
|m 004399
|p 025000100717
|t 1
|
| 942 |
|
|
|2 ddc
|
| 952 |
|
|
|0 0
|1 0
|4 0
|6 880_800000000000000_BSG
|7 0
|9 79876
|a LTRT
|b LTRT
|d 2016-04-24
|i 004399
|l 0
|o 880.8 BSG
|p 025000100717
|r 2016-04-24 00:00:00
|t 1
|w 2016-04-24
|
| 998 |
|
|
|c ELIDOC
|d 2009-07
|
| 999 |
|
|
|c 53077
|d 53077
|